| 000 | 01726cam a2200325 a 4500 | ||
|---|---|---|---|
| 001 | 17347205 | ||
| 003 | OSt | ||
| 005 | 20180117085941.0 | ||
| 008 | 120614s2013 caua b 001 0 eng | ||
| 010 | _a 2012017337 | ||
| 020 | _a9781412981439 (pbk.) | ||
| 040 |
_aDLC _cDLC _dDLC |
||
| 042 | _apcc | ||
| 050 | 0 | 0 |
_aRC552.P67 _bB7495 2013 |
| 082 | 0 | 0 |
_a616.85/21 _223 |
| 100 | 1 | _aBriere, John. | |
| 245 | 1 | 0 |
_aPrinciples of trauma therapy : _ba guide to symptoms, evaluation, and treatment / _cJohn Briere, Catherine Scott. |
| 250 | _a2nd ed. | ||
| 260 |
_aLos Angeles : _bSage Publications, _cc2013. |
||
| 300 |
_avii, 372 p. : _bill. ; _c26 cm. |
||
| 504 | _aIncludes bibliographical references (p. 305-362) and index. | ||
| 505 | 0 | _aPt. 1. Trauma, effects, and assessment -- What is trauma? -- The effects of trauma -- Assessing trauma and posttraumatic outcomes -- Pt. 2. Clinical interventions -- Central issues in trauma treatment -- Psychoeducation -- Distress reduction and affect regulation training -- Cognitive interventions -- Emotional processing -- Increasing identity and relational functioning -- Mindfulness in trauma treatment -- Treating the effects of acute trauma -- Psychobiology and psychopharmacology of trauma -- Conclusions. | |
| 650 | 0 |
_aPost-traumatic stress disorder _xTreatment. |
|
| 650 | 0 |
_aPsychic trauma _xTreatment. |
|
| 700 | 1 |
_aScott, Catherine, _d1968- |
|
| 906 |
_a7 _bcbc _corignew _d1 _eecip _f20 _gy-gencatlg |
||
| 942 |
_2ddc _cBK |
||
| 999 |
_c2441 _d2441 |
||